[Event "Vienna Husek op-B"]
[Site "Vienna"]
[Date "2012.08.19"]
[Round "7"]
[White "Schmidbauer, Andrea"]
[Black "Borz, Radu Beniamin"]
[Result "0-1"]
[WhiteElo "1886"]
[BlackElo "1673"]
[PlyCount "58"]
[EventDate "2012.08.13"]
[EventType "swiss"]
[EventRounds "7"]
[EventCountry "AUT"]
[SourceTitle "EXT 2014"]
[Source "ChessBase"]
[SourceDate "2013.11.20"]
[SourceVersion "1"]
[SourceVersionDate "2013.11.20"]
[SourceQuality "1"]

1. g3 d5 2. Bg2 Nf6 3. Nf3 Bg4 4. d4 e6 5. 0-0 Be7 6. Ne5 Bf5 7. b3 Nbd7 8. Bb2 c6 9. c4 0-0 10. Nc3 Nxe5 11. dxe5 Nd7 12. e4 dxe4 13. Nxe4 Qc7 14. f4 Rad8 15. Qe2 h6 16. Rad1 Nc5 17. Nxc5 Bxc5+ 18. Kh1 Rxd1 19. Rxd1 Rd8 20. a3 a5 21. Qe1 Bc2 22. Rxd8+ Qxd8 23. b4 axb4 24. axb4 Bxb4 25. Qe2 Qd3 26. Bf1 Qe4+ 27. Qg2 Bc5 28. h3 Qe3 29. Kh2 Be4 0-1

[Event "Vienna Husek op-B"]
[Site "Vienna"]
[Date "2012.08.14"]
[Round "2"]
[White "Borz, Radu Beniamin"]
[Black "Muik, Josef Jr"]
[Result "0-1"]
[WhiteElo "1673"]
[BlackElo "1844"]
[PlyCount "80"]
[EventDate "2012.08.13"]
[EventType "swiss"]
[EventRounds "7"]
[EventCountry "AUT"]
[SourceTitle "EXT 2014"]
[Source "ChessBase"]
[SourceDate "2013.11.20"]
[SourceVersion "1"]
[SourceVersionDate "2013.11.20"]
[SourceQuality "1"]

1. d4 Nf6 2. c4 e6 3. Nc3 Bb4 4. Qc2 c5 5. a3 Bxc3+ 6. bxc3 Nc6 7. Nf3 Qc7 8. Bg5 h6 9. Bh4 cxd4 10. cxd4 Qa5+ 11. Qd2 Qxd2+ 12. Kxd2 g5 13. Bg3 Ne4+ 14. Ke1 Nxg3 15. hxg3 g4 16. d5 gxf3 17. dxc6 fxe2 18. cxd7+ Bxd7 19. Bxe2 Rc8 20. Rh4 Ke7 21. a4 Rc5 22. a5 Bc6 23. a6 b6 24. Bf3 Bxf3 25. gxf3 Rhc8 26. Ra4 Re5+ 27. Kd2 Rcc5 28. Rh1 Ra5 29. Rha1 Rxa4 30. Rxa4 Kd6 31. f4 Ra5 32. Rxa5 bxa5 33. g4 Kc5 34. Kc3 a4 35. f3 a3 36. Kb3 a2 37. Kxa2 Kxc4 38. Ka3 Kb5 39. Kb3 Kxa6 40. f5 exf5 0-1